01147nam a2200193Ia 4500001001000000003001000010008004100020040002500061041001300086100002900099245003900128250001100167260006600178300002900244500026600273501011400539520026600653650003400919L235-7367IT-CnALBA170116s9999||||xx |||||||||||||| ||und|| aIT-CnALBAcIT-CnALBA aITALIANO aPHILIPON M. MICHELE, OP. 0aIL VERO VOLTO DELLA MADRE DI DIO.  a1a ed. aCINISELLO BALSAMO (MI)bEDIZIONI PAOLINEc1952 [1° Ed.:1952] a188 p. (prefazione: 715) aTRADUZIONE DAL FRANCESE. MARIA NUOVA EVA. IMMACOLATA. DONNA DELLA STIRPE UMANA. MATERNITÀ DI MARIA. MARIA E LA CHIESA. CAPOLAVORO DI DIO. MADRE DELLA CHIESA. NOTE TEOLOGICHE. MATERNITÀ DIVINA. IMMACOLATA CONCEZIONE. PIENEZZA DI GRAZIA. MARIA E LA TRINITÀ. aSocietà San Paolo EM - Piazza San Paolo, 14 - 12051 ALBA (CN) (non commercial uses only) ® Copyright 2017 aTRADUZIONE DAL FRANCESE. MARIA NUOVA EVA. IMMACOLATA. DONNA DELLA STIRPE UMANA. MATERNITÀ DI MARIA. MARIA E LA CHIESA. CAPOLAVORO DI DIO. MADRE DELLA CHIESA. NOTE TEOLOGICHE. MATERNITÀ DIVINA. IMMACOLATA CONCEZIONE. PIENEZZA DI GRAZIA. MARIA E LA TRINITÀ. aMARIA SS. ANGELI SANTI DEMONI